| 000 | 01343nam a2200409 a 4500 | ||
|---|---|---|---|
| 001 | 000108730 | ||
| 003 | CHAP | ||
| 005 | 20220329144023.0 | ||
| 008 | 140306s2012 it |r| ||||||eng d | ||
| 010 | _a105192 | ||
| 011 | _a106164 | ||
| 020 | _a9789251073971 | ||
| 040 | _cCHAP | ||
| 082 | 0 | 4 |
_a363.1196392 _bF21y |
| 245 | 1 | 0 |
_aSafety recommendations for decked fishing vessels of less than 12 metres in length and undecked fishing vessels / _cpor FAO. |
| 260 |
_aRoma : _bFAO : _bIMO, _c2012. |
||
| 300 |
_ax, 254 p. : _bil. |
||
| 590 |
_aBATCH-UPD _b05 _c20140306 _lUCH01 _h1339 |
||
| 590 |
_aBATCH-UPD _b05 _c20140306 _lUCH01 _h1345 |
||
| 590 |
_aE5995AHE _b05 _c20140306 _lUCH01 _h1338 |
||
| 590 |
_aE5995AHE _b05 _c20140306 _lUCH01 _h1344 |
||
| 590 |
_aE5995AHE _b05 _c20140306 _lUCH01 _h1344 |
||
| 590 |
_aE5995AHE _b05 _c20140306 _lUCH01 _h1347 |
||
| 590 |
_aE5995AHE _b05 _c20140306 _lUCH01 _h1348 |
||
| 590 |
_aE5995AHE _b05 _c20140804 _lUCH01 _h1430 |
||
| 590 |
_aE5995AHE _b05 _c20140804 _lUCH01 _h1452 |
||
| 650 |
_aEmblemas nacionales _936466 |
||
| 650 | 1 | 4 |
_aBarcos pesqueros. _9125774 |
| 650 | 1 | 4 |
_aConstrucción de barcos. _927390 |
| 650 | 1 | 4 |
_aEquipo de cubierta. _9125776 |
| 650 | 1 | 4 |
_aHigiene. _955330 |
| 650 | 1 | 4 |
_aSalud. _9101807 |
| 650 | 1 | 4 |
_aSeguridad en el trabajo. _9125775 |
| 901 | _aBK | ||
| 942 | _cLIBRO | ||
| 942 | _n0 | ||
| 999 |
_c105192 _d105192 |
||